000 00882cam a2200325 i 4500
001 0000438
003 DO-SdBNP
005 20180117110026.0
007 0000438
008 100514s 1984 sp | |||| 000 f spa
015 _a
017 _a
_b
020 _a842392713X
035 _a
040 _aBPMSU
_bspa
_cBPMSU
_e
080 _a
100 1 _aBojunga Nunes, Lygia
240 1 0 _aA bolsa amarela
_lpol
245 1 3 _aEl bolso amarillo /
_cLygia Bojunga Nunes ; traducción Mirian Lopes Moura ; ilustraciones Araceli Sanz
_h
250 _a3a. ed.
260 _aMadrid :
_bEspasa-Calpe,
_c1984.
300 _a153 p. ;
_c18 cm.
490 1 _aAustral juvenil
_v13
700 1 2 _aLopes Moura,
_etrad.
700 1 2 _aSanz, Araceli,
_eil.
830 0 _aAustral juvenil
_v13
942 _2ddc
_cBK
945 _aInventariado, 2018 /LP
956 _aYLOCKWARD
_810
_cBPMSU
999 _c10552
_d10552